[Event "SUI-chT"]
[Site "Switzerland"]
[Date "2023.08.27"]
[Round "7.2"]
[White "Peng, Li Min"]
[Black "Fontaine, Robert"]
[Result "1-0"]
[WhiteElo "2549"]
[BlackElo "2552"]
[PlyCount "47"]
[EventDate "2023.04.16"]
[EventType "team-tourn"]
[EventRounds "9"]
[EventCountry "SUI"]
[SourceTitle "EXT 2024"]
[Source "ChessBase"]
[SourceDate "2023.10.10"]
[SourceVersion "1"]
[SourceVersionDate "2023.10.10"]
[SourceQuality "1"]
[WhiteTeam "Wollishofen"]
[BlackTeam "Geneve"]
[WhiteTeamCountry "SUI"]
[BlackTeamCountry "SUI"]

1. d4 d5 2. Bf4 Nf6 3. e3 e6 4. Nf3 Bd6 5. Ne5 0-0 6. Bd3 c5 7. c3 Qc7 8. Nd2 Nc6 9. Ndf3 Ne7 10. h4 c4 11. Bc2 b5 12. Ng5 h6 13. g4 Bb7 14. Nh3 Ne4 15. g5 Ng6 16. gxh6 Bxe5 17. dxe5 d4 18. exd4 Nxf2 19. Kxf2 Bxh1 20. Qxh1 f6 21. Bxg6 fxe5 22. hxg7 Qxg7 23. Rg1 Kh8 24. Qf3 1-0

[Event "SUI-chT"]
[Site "Switzerland"]
[Date "2023.08.26"]
[Round "6.2"]
[White "Fontaine, Robert"]
[Black "Sigfusson, Sigurdur Dadi"]
[Result "1-0"]
[WhiteElo "2552"]
[BlackElo "2266"]
[PlyCount "81"]
[EventDate "2023.04.16"]
[EventType "team-tourn"]
[EventRounds "9"]
[EventCountry "SUI"]
[SourceTitle "EXT 2024"]
[Source "ChessBase"]
[SourceDate "2023.10.10"]
[SourceVersion "1"]
[SourceVersionDate "2023.10.10"]
[SourceQuality "1"]
[WhiteTeam "Geneve"]
[BlackTeam "Reti"]
[WhiteTeamCountry "SUI"]
[BlackTeamCountry "SUI"]

1. e4 e5 2. Nf3 Nc6 3. Bb5 a6 4. Ba4 Nf6 5. Nc3 b5 6. Bb3 Be7 7. 0-0 0-0 8. a4 b4 9. Nd5 d6 10. Nxf6+ Bxf6 11. Bd5 Qe8 12. c3 Rb8 13. Re1 Ne7 14. Bc4 c5 15. h3 Nc6 16. d3 Na5 17. cxb4 Nxc4 18. dxc4 Rxb4 19. Qxd6 Qe6 20. Qxc5 Rxc4 21. Qa7 Qc6 22. Be3 Rxa4 23. Rxa4 Qxa4 24. Bc5 Re8 25. b4 h6 26. Nd2 Qc2 27. Nf1 Qd3 28. Ng3 g6 29. Re3 Qd1+ 30. Kh2 Kg7 31. Rf3 Qd7 32. Qb6 Re6 33. Qa5 Bb7 34. Qa3 Qb5 35. Qc3 a5 36. Rxf6 Kxf6 37. Bf8 Re8 38. Qf3+ Ke6 39. Qg4+ Kf6 40. Nh5+ gxh5 41. Qf5# 1-0

[Event "SUI-chT"]
[Site "Switzerland"]
[Date "2021.10.23"]
[Round "4.2"]
[White "Pelletier, Yannick"]
[Black "Fontaine, Robert"]
[Result "1-0"]
[WhiteElo "2555"]
[BlackElo "2550"]
[PlyCount "133"]
[EventDate "2021.08.29"]
[EventType "team-tourn"]
[EventRounds "9"]
[EventCountry "SUI"]
[SourceTitle "EXT 2023"]
[Source "ChessBase"]
[SourceDate "2022.10.05"]
[SourceVersion "1"]
[SourceVersionDate "2022.10.05"]
[SourceQuality "1"]
[WhiteTeam "Zuerich"]
[BlackTeam "Geneve"]
[WhiteTeamCountry "SUI"]
[BlackTeamCountry "SUI"]

1. c4 Nf6 2. Nc3 g6 3. g3 Bg7 4. Bg2 0-0 5. Nf3 d6 6. 0-0 a6 7. Rb1 c5 8. a3 Nc6 9. b4 Nd7 10. Nd5 e6 11. Nf4 cxb4 12. axb4 b5 13. cxb5 axb5 14. Nd4 Bxd4 15. Bxc6 Rb8 16. Qb3 Qb6 17. Bxd7 Bxd7 18. e3 Bg7 19. Bb2 Qb7 20. Bxg7 Kxg7 21. Rfc1 Rfc8 22. Qd3 Qf3 23. Qd4+ Kg8 24. e4 Rc6 25. Rxc6 Bxc6 26. d3 d5 27. Rc1 dxe4 28. Rxc6 e3 29. Rc1 Qxf2+ 30. Kh1 Qf3+ 31. Ng2 e2 32. Qf4 Qa8 33. Qe5 Rd8 34. Qxe2 Qa3 35. Qe1 Qxd3 36. Kg1 Qd4+ 37. Ne3 Qe4 38. Kf2 Rd4 39. Nc2 Qf5+ 40. Kg1 Re4 41. Qd2 Rc4 42. Ne3 Rxc1+ 43. Qxc1 Qd3 44. Kf2 h5 45. Qb2 Qe4 46. Qc3 h4 47. Qd2 hxg3+ 48. hxg3 Kg7 49. Qd6 g5 50. Qc5 f5 51. Qxb5 g4 52. Nf1 Qd4+ 53. Ke2 Qe4+ 54. Kd2 Qd4+ 55. Kc2 Qe4+ 56. Kc3 Qe1+ 57. Kd4 Kf6 58. Kc5 Qe5+ 59. Kc6 Qe4+ 60. Kc7 f4 61. Qc5 Qh7+ 62. Kb6 fxg3 63. Nxg3 Qg8 64. Ne4+ Kf7 65. Qf2+ Ke7 66. Qh4+ Kf7 67. Nd6+ 1-0

[Event "SUI-chT"]
[Site "Switzerland"]
[Date "2021.09.19"]
[Round "2.3"]
[White "Kaczmarczyk, Dennis"]
[Black "Fontaine, Robert"]
[Result "0-1"]
[WhiteElo "2448"]
[BlackElo "2550"]
[PlyCount "106"]
[EventDate "2021.08.29"]
[EventType "team-tourn"]
[EventRounds "9"]
[EventCountry "SUI"]
[SourceTitle "EXT 2022"]
[Source "ChessBase"]
[SourceDate "2021.10.06"]
[SourceVersion "1"]
[SourceVersionDate "2021.10.06"]
[SourceQuality "1"]
[WhiteTeam "Winterthur"]
[BlackTeam "Geneve"]
[WhiteTeamCountry "SUI"]
[BlackTeamCountry "SUI"]

1. e4 e5 2. Nf3 Nc6 3. Bc4 Nf6 4. d3 Be7 5. 0-0 0-0 6. a4 d6 7. h3 Be6 8. Bxe6 fxe6 9. c3 Qd7 10. Nbd2 Nh5 11. Nc4 Nf4 12. d4 exd4 13. cxd4 a5 14. Re1 b6 15. b3 Nb4 16. Bxf4 Rxf4 17. Rc1 Raf8 18. Re3 d5 19. Nce5 Qe8 20. exd5 Nxd5 21. Rd3 Bd6 22. Qe2 R4f5 23. g3 Qh5 24. Kg2 Bxe5 25. dxe5 Qg6 26. Kh2 Rh5 27. Rc4 c5 28. Qe4 Qxe4 29. Rxe4 Rhf5 30. Kg2 Nb4 31. Rc3 Rd8 32. g4 Rff8 33. Ng5 Rd2 34. Rf3 Re8 35. Rc4 Nd3 36. Re3 Nxf2 37. Kg3 h6 38. Nf3 Rb2 39. g5 Rf8 40. gxh6 gxh6 41. Kh4 Kh7 42. Nh2 Rd2 43. Ng4 Nxg4 44. Rxg4 Rf5 45. Reg3 Rd7 46. Re3 h5 47. Rg5 Kh6 48. Rg8 Rd4+ 49. Kg3 Rg5+ 50. Rxg5 Kxg5 51. Rf3 h4+ 52. Kg2 Rf4 53. Rd3 Kf5 0-1

[Event "EU-Cup Online Gr-B"]
[Site "Tornelo INT"]
[Date "2021.03.27"]
[Round "2.1"]
[White "Brunner, Nicolas"]
[Black "Fontaine, Robert"]
[Result "0-1"]
[WhiteElo "2418"]
[BlackElo "2550"]
[PlyCount "80"]
[EventDate "2021.03.27"]
[EventType "team-tourn (rapid)"]
[EventRounds "9"]
[EventCountry "NET"]
[SourceTitle "CBM 201 Extra"]
[Source "ChessBase"]
[SourceDate "2021.05.31"]
[SourceVersion "1"]
[SourceVersionDate "2021.05.31"]
[SourceQuality "1"]
[WhiteTeam "Vandoeuvre"]
[BlackTeam "Geneve"]
[WhiteTeamCountry "FRA"]
[BlackTeamCountry "SUI"]

1. d4 d5 2. c4 c6 3. Nf3 Nf6 4. Nc3 a6 5. c5 Nbd7 6. Bf4 g6 7. h3 Bg7 8. e3 0-0 9. Bd3 Re8 10. 0-0 Nh5 11. Bh2 e5 12. Nxe5 Nxe5 13. dxe5 Bxe5 14. Qd2 Bxh2+ 15. Kxh2 d4 16. Ne4 dxe3 17. Qxe3 f5 18. Bc4+ Be6 19. Qb3 fxe4 20. Bxe6+ Kh8 21. Rad1 Qe7 22. Qc3+ Qf6 23. Qxf6+ Nxf6 24. Bc4 Re5 25. b4 a5 26. a3 axb4 27. axb4 Ra4 28. Rd8+ Kg7 29. Rb1 Re7 30. Rb8 g5 31. h4 gxh4 32. Kh3 e3 33. fxe3 Rxe3+ 34. Kh2 Re7 35. Kh3 Ra3+ 36. Kh2 Rc3 37. Ba2 Ng4+ 38. Kg1 Rg3 39. Rg8+ Kh6 40. Kh1 Re2 0-1

[Event "SUI-chT"]
[Site "Switzerland"]
[Date "2019.06.30"]
[Round "5.2"]
[White "Harikrishna, Pentala"]
[Black "Fontaine, Robert"]
[Result "1-0"]
[WhiteElo "2721"]
[BlackElo "2554"]
[PlyCount "113"]
[EventDate "2019.03.10"]
[EventType "team-tourn"]
[EventRounds "9"]
[EventCountry "SUI"]
[SourceTitle "EXT 2020"]
[Source "ChessBase"]
[SourceDate "2019.10.17"]
[SourceVersion "1"]
[SourceVersionDate "2019.10.17"]
[SourceQuality "1"]
[WhiteTeam "Winterthur"]
[BlackTeam "Geneve"]
[WhiteTeamCountry "SUI"]
[BlackTeamCountry "SUI"]

1. e4 c6 2. d4 d5 3. e5 Bf5 4. Nf3 e6 5. Be2 Nd7 6. 0-0 Ne7 7. Nbd2 Ng6 8. Nb3 Bg4 9. Ng5 Bxe2 10. Qxe2 Be7 11. Qh5 Bxg5 12. Bxg5 f6 13. exf6 gxf6 14. Bh6 Qe7 15. Rae1 0-0-0 16. f4 Rdg8 17. f5 e5 18. Qh3 Ngf8 19. a4 Qd6 20. Re3 a6 21. Rfe1 Kb8 22. c3 Ka8 23. Rg3 Qe7 24. Rge3 c5 25. Qf3 cxd4 26. cxd4 e4 27. Qf4 Nb8 28. Nc5 Nc6 29. Rc1 Nxd4 30. Nxe4 Nd7 31. Ng3 Qb4 32. Rd3 Nc6 33. Qxb4 Nxb4 34. Rd4 Nc6 35. Rxd5 Nde5 36. Rd6 Rd8 37. Rxf6 Ng4 38. Bg7 Rhg8 39. Rf7 Ne3 40. Bh6 Ne5 41. Rg7 Rxg7 42. Bxg7 Nd3 43. Rc3 Nd1 44. Rc2 Nf4 45. Rf2 Nxf2 46. Kxf2 Rd7 47. Bh8 Rd8 48. Bf6 Rd3 49. Be5 Nd5 50. f6 Nb6 51. f7 Nd7 52. Bg7 b5 53. axb5 axb5 54. Ne4 Rd5 55. g4 Kb7 56. Nf6 Rd4 57. Ke3 1-0

[Event "SUI-chT"]
[Site "Switzerland"]
[Date "2019.05.04"]
[Round "3.1"]
[White "Ovsejevitsch, Sergei"]
[Black "Fontaine, Robert"]
[Result "0-1"]
[WhiteElo "2603"]
[BlackElo "2554"]
[PlyCount "50"]
[EventDate "2019.03.10"]
[EventType "team-tourn"]
[EventRounds "9"]
[EventCountry "SUI"]
[SourceTitle "CBM 190 Extra"]
[Source "ChessBase"]
[SourceDate "2019.07.15"]
[SourceVersion "1"]
[SourceVersionDate "2019.07.15"]
[SourceQuality "1"]
[WhiteTeam "Solothurn"]
[BlackTeam "Geneve"]
[WhiteTeamCountry "SUI"]
[BlackTeamCountry "SUI"]

1. Nf3 Nf6 2. c4 g6 3. Nc3 Bg7 4. e4 d6 5. d4 0-0 6. Be2 e5 7. d5 Nbd7 8. Be3 a5 9. Nd2 Nc5 10. g4 c6 11. 0-0 Bd7 12. Kh1 a4 13. Rg1 Qa5 14. Rg3 Rfc8 15. Rb1 cxd5 16. exd5 Qd8 17. f3 a3 18. b3 b5 19. cxb5 e4 20. Ndxe4 Nfxe4 21. Nxe4 Nxe4 22. fxe4 Qe8 23. b6 Rc3 24. Bg1 Qxe4+ 25. Bf3 Rxf3 0-1

[Event "PRO League Stage"]
[Site "Chess.com INT"]
[Date "2018.01.25"]
[Round "2"]
[White "Fontaine, Robert"]
[Black "Maurizzi, Marc Andria"]
[Result "1-0"]
[WhiteElo "2563"]
[BlackElo "2018"]
[PlyCount "73"]
[EventDate "2018.01.18"]
[EventType "team-swiss (rapid)"]
[EventRounds "9"]
[EventCountry "USA"]
[SourceTitle "CBM 182 Extra"]
[Source "ChessBase"]
[SourceDate "2018.02.23"]
[SourceVersion "1"]
[SourceVersionDate "2018.02.23"]
[SourceQuality "1"]
[WhiteTeam "Cannes Blockbusters"]
[BlackTeam "Marseille Migraines"]
[WhiteTeamCountry "FRA"]
[BlackTeamCountry "FRA"]

1. e4 c5 2. Nf3 Nc6 3. Bb5 g6 4. 0-0 Bg7 5. Re1 Nf6 6. e5 Nd5 7. Nc3 Nc7 8. Bxc6 dxc6 9. d3 0-0 10. h3 Ne6 11. b3 Nd4 12. Bf4 h6 13. Ne4 b6 14. Bh2 Be6 15. a4 Qc7 16. Nxd4 cxd4 17. Qd2 Kh7 18. Nf6+ Kh8 19. Ng4 Kh7 20. Bf4 Bxg4 21. hxg4 Qd7 22. f3 f5 23. exf6 exf6 24. Re2 Rae8 25. Rae1 c5 26. Bg3 Qf7 27. Bd6 Rg8 28. Re7 Rxe7 29. Rxe7 Qd5 30. Bf4 g5 31. Bg3 Rf8 32. Qe2 Rf7 33. Re6 Rd7 34. Re8 Qf7 35. Qe4+ Qg6 36. Qe6 Qf7 37. Qf5+ 1-0

[Event "PRO League Stage"]
[Site "Chess.com INT"]
[Date "2018.01.25"]
[Round "2"]
[White "Gozzoli, Yannick"]
[Black "Fontaine, Robert"]
[Result "1-0"]
[WhiteElo "2565"]
[BlackElo "2563"]
[PlyCount "109"]
[EventDate "2018.01.18"]
[EventType "team-swiss (rapid)"]
[EventRounds "9"]
[EventCountry "USA"]
[SourceTitle "CBM 182 Extra"]
[Source "ChessBase"]
[SourceDate "2018.02.23"]
[SourceVersion "1"]
[SourceVersionDate "2018.02.23"]
[SourceQuality "1"]
[WhiteTeam "Marseille Migraines"]
[BlackTeam "Cannes Blockbusters"]
[WhiteTeamCountry "FRA"]
[BlackTeamCountry "FRA"]

1. d4 d5 2. c4 c6 3. cxd5 cxd5 4. Bg5 Nc6 5. Nc3 Nf6 6. Bxf6 gxf6 7. e3 e6 8. Bd3 f5 9. f4 Rg8 10. g3 Bd7 11. Nf3 a6 12. Kf2 Bd6 13. Rc1 Rc8 14. Be2 h6 15. Na4 Na5 16. Nc5 Qb6 17. Ne5 Bxe5 18. fxe5 Ke7 19. b3 Nc6 20. Na4 Qa7 21. Qd2 Rg5 22. Qb2 a5 23. Qa3+ Nb4 24. Rxc8 Bxc8 25. Rc1 Bd7 26. Nc5 Bc6 27. Nd3 Qb6 28. Rc5 Nxd3+ 29. Bxd3 Qb4 30. Qxa5 Qxa5 31. Rxa5 Rg8 32. Rc5 f6 33. a4 fxe5 34. dxe5 Rg4 35. Ra5 Rb4 36. Bc2 d4 37. exd4 Rxd4 38. Ke3 Rb4 39. Rc5 Be4 40. Bxe4 Rxe4+ 41. Kd3 Kd7 42. a5 Re1 43. b4 Rh1 44. Rb5 Kc7 45. Rb6 Rxh2 46. Rxe6 Rh3 47. Kc4 Rxg3 48. Rxh6 Re3 49. Kd5 f4 50. Rh7+ Kc8 51. e6 f3 52. Rf7 Rb3 53. Rf8+ Kc7 54. e7 f2 55. e8Q 1-0

[Event "PRO League Stage"]
[Site "Chess.com INT"]
[Date "2017.02.22"]
[Round "7"]
[White "Meier, Georg"]
[Black "Fontaine, Robert"]
[Result "1-0"]
[WhiteElo "2630"]
[BlackElo "2549"]
[PlyCount "143"]
[EventDate "2017.01.11"]
[EventType "team-swiss (rapid)"]
[EventRounds "7"]
[EventCountry "USA"]
[SourceTitle "EXT 2018"]
[Source "ChessBase"]
[SourceDate "2017.10.13"]
[SourceVersion "1"]
[SourceVersionDate "2017.10.13"]
[SourceQuality "1"]
[WhiteTeam "Stockholm Snowballs"]
[BlackTeam "Cannes Blockbusters"]
[WhiteTeamCountry "SWE"]
[BlackTeamCountry "FRA"]

1. Nf3 d5 2. g3 c6 3. Bg2 Bg4 4. 0-0 Nd7 5. d4 e6 6. Nbd2 Ngf6 7. Re1 Be7 8. e4 dxe4 9. Nxe4 0-0 10. c3 Qb6 11. Qb3 Nxe4 12. Rxe4 Bf5 13. Re1 a5 14. Bg5 Bd6 15. Nd2 a4 16. Qxb6 Nxb6 17. Ne4 Bxe4 18. Bxe4 h6 19. Bc1 Rfe8 20. Kf1 e5 21. dxe5 Bxe5 22. a3 Bc7 23. Bd3 Rxe1+ 24. Kxe1 Rd8 25. Bc2 Re8+ 26. Kf1 g5 27. Rb1 Kg7 28. Bd3 Rd8 29. Ke2 Re8+ 30. Kf1 Rd8 31. Bc2 f6 32. b3 axb3 33. Bxb3 Rd3 34. Bb2 Nd7 35. Ke2 Rd6 36. a4 Bb6 37. Bc1 Ba5 38. Ba3 c5 39. Rd1 Rxd1 40. Kxd1 Bxc3 41. Be6 Nf8 42. Bd5 b6 43. Kc2 Be1 44. f3 Nd7 45. Kd3 f5 46. Kc4 Ba5 47. Bb2+ Kg6 48. Kb5 Nf6 49. Be6 g4 50. fxg4 fxg4 51. Be5 Ne4 52. Bxg4 h5 53. Bd7 Kg5 54. Bc7 Nc3+ 55. Ka6 Nd5 56. Bd8+ Kg6 57. Be6 Nb4+ 58. Kb5 Nc2 59. Bxb6 Bxb6 60. Kxb6 Nd4 61. Bc4 Kg5 62. a5 Nc2 63. a6 Ne3 64. Bf7 c4 65. a7 c3 66. a8Q c2 67. Qd8+ Kg4 68. Qd4+ Kf3 69. Bxh5+ Kf2 70. Qd2+ Kg1 71. Ka7 Nf1 72. Qxc2 1-0

[Event "PRO League Stage"]
[Site "Chess.com INT"]
[Date "2017.02.15"]
[Round "6"]
[White "Adu, Oladapo"]
[Black "Fontaine, Robert"]
[Result "1/2-1/2"]
[WhiteElo "2288"]
[BlackElo "2549"]
[PlyCount "110"]
[EventDate "2017.01.11"]
[EventType "team-swiss (rapid)"]
[EventRounds "7"]
[EventCountry "USA"]
[SourceTitle "CBM 176 Extra"]
[Source "ChessBase"]
[SourceDate "2017.03.02"]
[SourceVersion "1"]
[SourceVersionDate "2017.03.02"]
[SourceQuality "1"]
[WhiteTeam "Abuja Rockstars"]
[BlackTeam "Cannes Blockbusters"]
[WhiteTeamCountry "NGR"]
[BlackTeamCountry "FRA"]

1. e4 c6 2. Nf3 d5 3. Nc3 Bg4 4. h3 Bxf3 5. Qxf3 e6 6. d3 Nf6 7. Bd2 Nbd7 8. exd5 cxd5 9. d4 Rc8 10. Bb5 a6 11. Bd3 Bd6 12. 0-0 0-0 13. Rfe1 Re8 14. Rab1 Nf8 15. Bg5 Ng6 16. g3 b5 17. h4 h6 18. Bd2 Nf8 19. Re2 N6d7 20. Rbe1 Qf6 21. Qg4 Nb6 22. Kg2 e5 23. dxe5 Rxe5 24. Rxe5 Bxe5 25. Nxd5 Qc6 26. Rxe5 Nxd5 27. Be4 Nf6 28. Bxc6 Nxg4 29. Re8 Rxc6 30. Bb4 Rxc2 31. Rxf8+ Kh7 32. Rxf7 Ne5 33. Re7 Nc6 34. Re4 Rxb2 35. a3 a5 36. Bf8 Kg8 37. Bd6 b4 38. axb4 axb4 39. Rc4 Na5 40. Rxb4 Rxb4 41. Bxb4 Nc6 42. Bc5 h5 43. f3 Kf7 44. g4 g6 45. Kg3 Nd8 46. Bd4 Ne6 47. Be5 Ke7 48. Kf2 Nd8 49. Ke3 Ke6 50. Ke4 Nf7 51. Bg3 Kf6 52. Bf4 Ke6 53. Bg3 Kf6 54. Bf4 Ke6 55. Bg3 Kf6 1/2-1/2

[Event "PRO League Stage"]
[Site "Chess.com INT"]
[Date "2017.02.15"]
[Round "6"]
[White "Fontaine, Robert"]
[Black "Kigigha, Bomo"]
[Result "1-0"]
[WhiteElo "2549"]
[BlackElo "2339"]
[PlyCount "153"]
[EventDate "2017.01.11"]
[EventType "team-swiss (rapid)"]
[EventRounds "7"]
[EventCountry "USA"]
[SourceTitle "CBM 176 Extra"]
[Source "ChessBase"]
[SourceDate "2017.03.02"]
[SourceVersion "1"]
[SourceVersionDate "2017.03.02"]
[SourceQuality "1"]
[WhiteTeam "Cannes Blockbusters"]
[BlackTeam "Abuja Rockstars"]
[WhiteTeamCountry "FRA"]
[BlackTeamCountry "NGR"]

1. g4 c5 2. Bg2 g6 3. d3 Nc6 4. Nc3 Bg7 5. g5 h6 6. h4 hxg5 7. hxg5 Rxh1 8. Bxh1 e6 9. e4 Nge7 10. Be3 Nd4 11. Qd2 d6 12. 0-0-0 Bd7 13. f4 Qa5 14. Kb1 Nec6 15. Nge2 Nb4 16. Nc1 Nbxc2 17. Bf2 Nb4 18. e5 d5 19. Bxd4 cxd4 20. N3e2 Qb6 21. Nb3 Nc6 22. Rc1 a5 23. Nc5 Bf8 24. Na4 Qb4 25. Qxb4 Nxb4 26. Nb6 Ra6 27. Nxd7 Kxd7 28. Rd1 Bc5 29. Bf3 a4 30. a3 Nc6 31. Rh1 Rb6 32. Kc2 Na5 33. Rh7 Ke7 34. f5 exf5 35. Bxd5 Nc6 36. Rxf7+ Ke8 37. e6 Ne7 38. Bc4 Bd6 39. Nxd4 Be5 40. Nb5 Bf4 41. Rh7 Kf8 42. Rh8+ Kg7 43. Re8 Bxg5 44. d4 f4 45. Nc3 Nf5 46. Kd3 Rxb2 47. Ne4 Be7 48. d5 b5 49. Kc3 Rb1 50. Bd3 Rb3+ 51. Kd2 Bxa3 52. Bc2 Bb4+ 53. Kc1 Ba3+ 54. Kd2 Bb4+ 55. Kc1 Re3 56. Nf2 Nd4 57. Bd1 a3 58. Ra8 Bc3 59. d6 Bb2+ 60. Kb1 Nxe6 61. d7 Bf6 62. Ng4 Rd3 63. Ra7 Bd8 64. Bc2 Rd4 65. Ne5 f3 66. Nxf3 Rb4+ 67. Kc1 Rf4 68. Ne5 b4 69. Nc6 Rf1+ 70. Kd2 Rf2+ 71. Kd1 g5 72. Bb3 g4 73. Bxe6 g3 74. Bd5 b3 75. Nxd8 b2 76. Ne6+ Kh6 77. Rb7 1-0

[Event "PRO League Stage"]
[Site "Chess.com INT"]
[Date "2017.02.11"]
[Round "5"]
[White "Fontaine, Robert"]
[Black "Ruiz Castillo, Joshua Daniel"]
[Result "1/2-1/2"]
[WhiteElo "2549"]
[BlackElo "2331"]
[PlyCount "128"]
[EventDate "2017.01.11"]
[EventType "team-swiss (rapid)"]
[EventRounds "7"]
[EventCountry "USA"]
[SourceTitle "CBM 176 Extra"]
[Source "ChessBase"]
[SourceDate "2017.03.02"]
[SourceVersion "1"]
[SourceVersionDate "2017.03.02"]
[SourceQuality "1"]
[WhiteTeam "Cannes Blockbusters"]
[BlackTeam "Rio Grande Ospreys"]
[WhiteTeamCountry "FRA"]
[BlackTeamCountry "USA"]

1. d4 Nf6 2. Bf4 e6 3. e3 c5 4. c3 Qb6 5. Qb3 d5 6. Nd2 c4 7. Qc2 Nh5 8. Bxb8 Rxb8 9. Ngf3 Qc7 10. e4 dxe4 11. Nxe4 b5 12. a4 b4 13. g3 Bb7 14. Bg2 bxc3 15. bxc3 Bxe4 16. Qxe4 Nf6 17. Qc2 Nd5 18. 0-0 Rb3 19. Ne5 Rxc3 20. Qe2 Be7 21. Rfc1 0-0 22. Rxc3 Nxc3 23. Qc2 Nd5 24. Qxc4 Qxc4 25. Nxc4 Rc8 26. Bxd5 exd5 27. Ne3 Bg5 28. Rb1 h6 29. Rb5 Rc1+ 30. Kg2 Ra1 31. Ra5 Bf6 32. Rxa7 Bxd4 33. Nc2 Rd1 34. Nxd4 Rxd4 35. a5 Ra4 36. a6 Ra3 37. h4 h5 38. Ra8+ Kh7 39. a7 d4 40. Kf1 d3 41. Kg2 d2 42. Rd8 Rxa7 43. Rxd2 g6 44. Rd3 Ra2 45. Rb3 Kg7 46. Kf3 Kf6 47. Rb6+ Kg7 48. Rb4 Ra3+ 49. Kf4 Ra1 50. Re4 Kf6 51. f3 Rf1 52. Rb4 Kg7 53. Rb7 Kf6 54. Rb6+ Kg7 55. Ra6 Rf2 56. Ke3 Rh2 57. Kf4 Rf2 58. Ra3 Rf1 59. Ra2 Kf6 60. Ra6+ Kg7 61. Ra7 Kf6 62. Ke3 Rh1 63. Ra6+ Kg7 64. Kf4 Rf1 1/2-1/2

[Event "PRO League Central"]
[Site "Chess.com INT"]
[Date "2017.02.01"]
[Round "4"]
[White "Fontaine, Robert"]
[Black "Souleidis, Georgios"]
[Result "1/2-1/2"]
[WhiteElo "2549"]
[BlackElo "2401"]
[PlyCount "91"]
[EventDate "2017.01.11"]
[EventType "team-swiss (rapid)"]
[EventRounds "7"]
[EventCountry "USA"]
[SourceTitle "CBM 176 Extra"]
[Source "ChessBase"]
[SourceDate "2017.03.02"]
[SourceVersion "1"]
[SourceVersionDate "2017.03.02"]
[SourceQuality "1"]
[WhiteTeam "Cannes Blockbusters"]
[BlackTeam "Hamburg Swashbucklers"]
[WhiteTeamCountry "FRA"]
[BlackTeamCountry "GER"]

1. e4 c5 2. Nf3 Nc6 3. Bb5 g6 4. 0-0 Bg7 5. Re1 Nf6 6. Nc3 0-0 7. d3 d6 8. Bxc6 bxc6 9. e5 Nd5 10. Nxd5 cxd5 11. h3 dxe5 12. Nxe5 Bb7 13. d4 cxd4 14. Qxd4 f6 15. Nd3 e5 16. Qb4 Rb8 17. Nc5 Qd6 18. Qa5 Bc6 19. a4 f5 20. Nd3 f4 21. Qc5 Qxc5 22. Nxc5 Rfe8 23. c3 g5 24. a5 Bb5 25. Rd1 Bf8 26. b4 Bc4 27. Nd7 Rbd8 28. Nf6+ Kf7 29. Nxe8 Rxe8 30. b5 Rb8 31. b6 axb6 32. a6 Ra8 33. a7 b5 34. Ba3 Rxa7 35. Bxf8 Rxa1 36. Rxa1 Kxf8 37. f3 Kf7 38. Kf2 e4 39. Ra7+ Kg6 40. fxe4 dxe4 41. g4 e3+ 42. Kf3 Bd5+ 43. Ke2 Bc4+ 44. Kf3 Bd5+ 45. Ke2 Bc4+ 46. Kf3 1/2-1/2

[Event "PRO League Central"]
[Site "Chess.com INT"]
[Date "2017.01.18"]
[Round "2"]
[White "Fontaine, Robert"]
[Black "Bacrot, Etienne"]
[Result "1-0"]
[WhiteElo "2549"]
[BlackElo "2695"]
[PlyCount "111"]
[EventDate "2017.01.11"]
[EventType "team-swiss (rapid)"]
[EventRounds "7"]
[EventCountry "USA"]
[SourceTitle "CBM 176 Extra"]
[Source "ChessBase"]
[SourceDate "2017.03.02"]
[SourceVersion "1"]
[SourceVersionDate "2017.03.02"]
[SourceQuality "1"]
[WhiteTeam "Cannes Blockbusters"]
[BlackTeam "Marseille Migraines"]
[WhiteTeamCountry "FRA"]
[BlackTeamCountry "FRA"]

1. e4 c5 2. Nf3 d6 3. Nc3 Nf6 4. d4 cxd4 5. Nxd4 a6 6. g3 g6 7. Bg2 Bg7 8. 0-0 0-0 9. h3 Bd7 10. Be3 Nc6 11. Qd2 Rc8 12. Nxc6 Bxc6 13. a4 Nd7 14. Bh6 Bxh6 15. Qxh6 Qb6 16. Qd2 a5 17. Rfd1 Ne5 18. b3 Qc5 19. Kh2 Rfe8 20. Rac1 Nd7 21. Qd4 Qxd4 22. Rxd4 Nc5 23. Re1 Kf8 24. h4 Red8 25. Nd5 Bxd5 26. exd5 Na6 27. c4 Nc5 28. Re3 Ra8 29. Be4 Re8 30. Bc2 Kg7 31. Kg2 Rad8 32. Kf3 e5 33. dxe6 Rxe6 34. Rxe6 fxe6 35. Ke3 Kf6 36. Rf4+ Ke7 37. h5 g5 38. Rg4 h6 39. f4 gxf4+ 40. gxf4 Kf7 41. Rg6 Rg8 42. Rxh6 Rg3+ 43. Kf2 Rh3 44. Rh7+ Kg8 45. Bg6 Rxb3 46. Rc7 Rh3 47. Kg2 Rh4 48. Kg3 Rh1 49. Kg4 Rg1+ 50. Kh4 b6 51. f5 exf5 52. Bxf5 Rg7 53. Rc8+ Kf7 54. h6 Rg1 55. h7 Rh1+ 56. Bh3 1-0

[Event "PRO League Central"]
[Site "Chess.com INT"]
[Date "2017.01.18"]
[Round "2"]
[White "Vachier Lagrave, Maxime"]
[Black "Fontaine, Robert"]
[Result "1/2-1/2"]
[WhiteElo "2796"]
[BlackElo "2549"]
[PlyCount "83"]
[EventDate "2017.01.11"]
[EventType "team-swiss (rapid)"]
[EventRounds "7"]
[EventCountry "USA"]
[SourceTitle "CBM 176 Extra"]
[Source "ChessBase"]
[SourceDate "2017.03.02"]
[SourceVersion "1"]
[SourceVersionDate "2017.03.02"]
[SourceQuality "1"]
[WhiteTeam "Marseille Migraines"]
[BlackTeam "Cannes Blockbusters"]
[WhiteTeamCountry "FRA"]
[BlackTeamCountry "FRA"]

1. e4 c6 2. d4 d5 3. e5 c5 4. dxc5 e6 5. Qg4 Nc6 6. Nf3 Nge7 7. Bb5 Ng6 8. Be3 Bd7 9. Bxc6 bxc6 10. c3 Qb8 11. Qb4 Qc7 12. Qd4 Ne7 13. Qd3 Nf5 14. Bd4 Rb8 15. b3 a5 16. g4 Nxd4 17. cxd4 Be7 18. Nc3 0-0 19. 0-0 f5 20. exf6 gxf6 21. Rfe1 Kh8 22. h3 Rg8 23. Re3 Qf4 24. Kf1 e5 25. dxe5 Bxc5 26. Ne2 Qh6 27. Nfd4 Bxg4 28. hxg4 Qh1+ 29. Ng1 Rxg4 30. Rh3 Qg2+ 31. Ke1 Re4+ 32. Nge2 Qg1+ 33. Kd2 Qxa1 34. Rxh7+ Kxh7 35. Qh3+ Kg8 36. Qe6+ Kh8 37. Qxf6+ Kg8 38. Qg6+ Kh8 39. Qh6+ Kg8 40. Qg6+ Kh8 41. Qh6+ Kg8 42. Qg6+ 1/2-1/2

[Event "SUI-chT"]
[Site "Switzerland"]
[Date "2014.10.11"]
[Round "8.3"]
[White "Fontaine, Robert"]
[Black "Vogt, Lothar"]
[Result "0-1"]
[WhiteElo "2552"]
[BlackElo "2425"]
[PlyCount "80"]
[EventDate "2014.03.16"]
[EventType "team-tourn"]
[EventRounds "9"]
[EventCountry "SUI"]
[SourceTitle "EXT 2015"]
[Source "ChessBase"]
[SourceDate "2014.11.20"]
[SourceVersion "1"]
[SourceVersionDate "2014.11.20"]
[SourceQuality "1"]
[WhiteTeam "Reti"]
[BlackTeam "Zuerich"]
[WhiteTeamCountry "SUI"]
[BlackTeamCountry "SUI"]

1. d4 Nf6 2. c4 g6 3. Nc3 Bg7 4. e4 d6 5. Nf3 0-0 6. Be2 Bg4 7. 0-0 Nfd7 8. Be3 Nc6 9. Ne1 Bxe2 10. Nxe2 Na5 11. b3 c5 12. Rc1 cxd4 13. Bxd4 Nc6 14. Bxg7 Kxg7 15. Nc3 Qa5 16. Qd2 Nf6 17. Qb2 e6 18. Rd1 Rad8 19. Nd3 a6 20. f4 Kg8 21. b4 Qc7 22. a3 Ne7 23. c5 dxc5 24. bxc5 Rd7 25. e5 Nfd5 26. Ne4 Ne3 27. Nf6+ Kg7 28. Nxd7 Qxd7 29. Nf2 Qc6 30. Nd3 Rd8 31. Qe2 Nxd1 32. Rxd1 Qa4 33. g3 Qxa3 34. Kg2 Nf5 35. Kh3 h5 36. Rd2 Qc3 37. Rd1 a5 38. Rd2 Nd4 39. Qe3 Nc2 40. Rxc2 Qxc2 0-1